000
00206nam a22000857a 4500
008
161108b xxu||||| |||| 00| 0 eng d
100
_9
1077
_a
BPI INDIA
245
_a
DR. Bumble Bee
260
_a
New Delhi
_b
BPI
_c
2011
999
_c
3734
_d
3734